1632 1137 1441 1483 1892 1501 1730 1279 1651 1767 1573 1243 1059 1713 1539 1499 1747 1576 1723 1451 1591 1036 1964 1518 1589 1614 1121 1105 1405 1830 1618 1115 1966 1553 1749 1303 1956 1660 1656 1534 1463 1405 1004 1767 1329 1354 1926 1312 1159 1580 1869 1248 1222 1743 1087 1121 1424 1136 1037 1838 1499 1314 1661 1315 1491 1729 1778 1184 1887 1878 1204 1524 1527 1056 1563 1932 1085 1485 1872 1566 1695 1724 1272 1472 1835 1132 1350 1667 1316 1442 1618 1941 1620 1449 1225 1856 1310 1393 1486 BCNSPRNW ULIB Ver.6.0+V

เปลี่ยนเป็นภาษาไทย

Change to English
 แสดงรายละเอียดบรรณานุกรม
  กลับหน้าหลัก

Brief Record : Get Marc (ISO 2709) : E-mail record : QR code < ปิดหน้าต่าง
LEADER : 00000nam 2200000uu 4500
001    13399113946
003     ULIB
008    110320s||||||||th 000 0 tha d
099    วจ.WY84^bพ722ค
100 0  พิมพิมล วงศ์ไชยา
245 00 ความรู้ ทัศนคติ ความคาดหวังและการปฏิบัติจริงเกี่ยวกับบริการปฐมภูมิของผู้ปฏิบัติงานเวชปฏิบัติ/^cพิมพิมล วงศ์ไชยา,พินทอง ปินใจ,พรพิมล อรุณรุ่งโรจน์ และ สิริสุดา เตชะวิเศษ
260    พะเยา :^bวิทยาลัยพยาบาลบรมราชชนนี พะเยา,^c2554
300    62 หน้า :^bตาราง
500    รายงานการวิจัย
650  7 การบริการปฐมภูมิ^xวิจัย
650  7 พยาบาลเวชปฏิบัติ^xวิจัย
700 0  พินทอง ปินใจ
700 0  พรพิมล อรุณรุ่งโรจน์
700 0  สิริสุดา เตชะวิเศษ
710 2  วิทยาลัยพยาบาลบรมราชชนนี. ^bพะเยา
945    ^p0^l0^i030977
995    ทศพร
999 ^a ใช้งานได้ทุกระบบ
รายการนี้ยังไม่มีแท็ก
คุณยังไม่ได้ล็อกอิน คุณสามารถมีกิจกรรมร่วมกับเว็บไซต์ได้ แต่ต้องล็อกอินก่อน ::
  ล็อกอิน

รายการสื่อสารสนเทศ

ลำดับที่ ประเภท เลขเรียก/บาร์โค้ด สถานที่ สถานะ
1. งานวิจัย
งานวิจัย
วจ.WY84 พ722ค ฉ.1 
  Barcode: 030977
ห้องสมุดวิทยาเขตสวรรค์ประชารักษ์
►วิจัย
บนชั้น

รายการใกล้เคียง
    ผู้แต่ง [พิมพิมล วงศ์ไชยา]

BibComment


ยังไม่เคยถูกคอมเมนท์

คอมเมนท์ทรัพยากรรายการนี้
  คอมเมนท์: ความรู้ ทัศนคติ ค..


 Copyright 2026. Bcnsprnw @Library